000 00744nmc a2200265 a 4500
003 AR-BaBNM
005 20251128211805.0
008 146020s2004 ||||||||||||||000 | spa||
020 _a84-9700-169-9
040 _cAR-BaBNM
245 1 0 _aAlfabetismos digitales
_bcomunicación, innovación y educación en la era electrónica
260 _aArchidona
_bEnseñanza Abierta de Andalucía
_c2004
300 0 _a280 p.
490 0 _aAulae
650 4 _aALFABETIZACION
650 4 _aTECNOLOGIA EDUCATIVA
650 4 _aAPRENDIZAJE
653 0 _aINTERNET
653 0 _aNUEVAS TECNOLOGIAS
653 0 _aEDUCACION VIRTUAL
700 1 _aSnyder, Ilana
_ecompilador
800 1 _aPereyra, Miguel Angel
942 _cBK
998 _cme-solo cat
999 _c21125
_d21125